Statistics for Countries safe from great white sharks (with exceptions)

Click here to take the quiz!

General Stats

  • This quiz has been taken 29 times
  • The average score is 12 of 18

Answer Stats

Answer % Correct
Denmark
93%
Finland
90%
Iceland
86%
United Kingdom
86%
Germany
86%
Sweden
86%
Ireland
83%
Norway
79%
Netherlands
76%
Poland
72%
Belgium
72%
Latvia
69%
Lithuania
66%
Estonia
66%
Ukraine
34%
Bulgaria
28%
Romania
24%
Georgia
24%

Score Distribution

Percentile by Number Answered

Percent of People with Each Score

Your Score History

You have not taken this quiz